书目信息 |
| 题名: |
朱工一钢琴教学论
|
|
| 作者: | 葛德月 编著 | |
| 分册: | ||
| 出版信息: | 北京 人民音乐出版社 1989.12 |
|
| 页数: | 121页 | |
| 开本: | 20cm | |
| 丛书名: | ||
| 单 册: | ||
| 中图分类: | J624.1 | |
| 科图分类: | ||
| 主题词: | 钢琴--奏法 | |
| 电子资源: | ||
| ISBN: | 7-103-00451-X | |
| 000 | 00553nam0 2200193 45 | |
| 001 | 0302171570 | |
| 005 | 20041207143802.1 | |
| 010 | @a7-103-00451-X@dCNY7.50 | |
| 100 | @a20030217d1989 km y0chiy0120 ea | |
| 101 | 0 | @achi |
| 105 | @a z 000yy | |
| 200 | 1 | @a朱工一钢琴教学论@AZhu Gong Yi Gang Qin Jiao Xue Lun@f葛德月编著@FGe DeYue Bian Zhu |
| 210 | @a北京@c人民音乐出版社@d1989.12 | |
| 215 | @a121页@d20cm | |
| 606 | 0 | @a钢琴@x奏法 |
| 690 | @aJ624.1@v4 | |
| 701 | 0 | @a葛德月@4编著 |
| 801 | @aCN@bTSTC@c20030217 | |
| 905 | @b319662-664@dJ624.1@e109@f3 | |
| 朱工一钢琴教学论/葛德月编著.-北京:人民音乐出版社,1989.12 |
| 121页;20cm |
| ISBN 7-103-00451-X:CNY7.50 |
| ● |
| 相关链接 |
|
|
|
|
正题名:朱工一钢琴教学论
索取号:J624.1/109
 
预约/预借
| 序号 | 登录号 | 条形码 | 馆藏地/架位号 | 状态 | 备注 |
| 1 | 0319662 | 203196629 | 第一借阅区/ [索取号:J624.1/109] | 在馆 | |
| 2 | 0319663 | 203196638 | 第一借阅区/ [索取号:J624.1/109] | 在馆 | |
| 3 | 0319664 | 203196647 | 第一样本阅览室/ [索取号:J624.1/109] | 在馆 |